Nové Zámky - Sokolovňa

Zobrazenie: Pohľad v bielom orámovaní na poschodovú budovu vpravo v pozadí za ulicou s nápismi na fasáde: "Vlasť pevnosť bratstvo", "reštaurácia". V popredí vidno trávnatú polochu s mladými listnatými stromami. Vľavo v pozadí sú ďalšie poschodové budovy. Vľavo zasahuje dozáberu k...

Full description

Bibliographic Details
Format: Photo
Language:Slovak
Published: [Bratislava] Slovakotour 1946
Subjects:

MARC

LEADER 00000nkm a2200000 a 4500
001 vtls011902158
003 SK-MaSNL
005 20260302060328.0
007 kf bo
008 240221s1946 xo g kuslo
015 |a SNBG1946 
035 |a urn:nbn:sk:snk-km00e9kx 
035 |a urn:nbn:sk:snk-km43hla 
035 |a 4510B3A8-6B87-4447-BF6F-F7D1911EA3B2 
040 |a SNK  |b slo  |c SNK  |e AACR2 
041 0 |a slo 
043 |a e-xo--- 
044 |a xo  |c SK 
072 7 |a 913  |x Regionálna geografia  |2 konspekt 
080 |a 913(437.6)  |2 2011 
080 |a 725.1  |2 2011 
080 |a (084.121)  |2 2011 
245 0 0 |a Nové Zámky - Sokolovňa  |h grafika 
260 |a [Bratislava]  |b Slovakotour  |c 1946  |e [Bratislava]  |f Kriváň 
300 |a 1 pohľadnica  |b čiernobiela  |c 9 x 14 cm 
520 8 |a Zobrazenie: Pohľad v bielom orámovaní na poschodovú budovu vpravo v pozadí za ulicou s nápismi na fasáde: "Vlasť pevnosť bratstvo", "reštaurácia". V popredí vidno trávnatú polochu s mladými listnatými stromami. Vľavo v pozadí sú ďalšie poschodové budovy. Vľavo zasahuje dozáberu konár listnatého stromu. Vpravo pred vchodom do budovy stojí jedna osoba na chodníku 
650 0 7 |a verejné budovy  |2 SNKPH  |9 2985 
651 7 |a Nové Zámky (Slovensko)  |2 SNKPHgeo  |9 15884 
655 7 |a miestne pohľadnice  |2 SNKPH  |9 70510 
852 |a Slovenská národná knižnica 
958 |a EUIPO 
958 |a GBN 
958 |a GC 
958 |a OND 
999 |c 1120821  |d 1122751 
952 |a SNK  |b SNK  |y PREZ  |7 0  |p 17A1382170  |o snkSP 130918  |z Pohľadnica prešla poštou.  |0 0  |1 0  |4 0  |d 2019-11-21  |f 1  |l 0  |r 2026-02-24 18:30:21  |w 2026-02-24